000 01092nas a2200361 4500
001 BR0604261
003 BR-BrBNA
005 20231205110338.0
007 ta
008 230509b bl.|||p| |||| 00| 00por d
040 _aBR-BrBNA
_bpor
_cBiblioteca Nacional de Agricultura
041 _a(Pt)
072 _aP33
100 1 _aMachado, P.L.O. de A.
100 1 _aBernardi, A.C. de C.
100 1 _aValencia, L.I.O.
100 1 _aMolin, J.P.
100 1 _aGimenez, L.M.
100 1 _aSilva, C.A.
100 1 _aAndrade, A.G. de
100 1 _aMadari, B.E.
100 1 _aMeirelles, M.S.P.
245 1 _aMapeamento da condutividade elétrica e relação com a argila de latossolo sob plantio direto
650 _aAGRICULTURA DE PRECISÃO
650 _aCARTOGRAFIA
650 _aGRANULOMETRIA
650 _aSENSORIAMENTO REMOTO
650 _aLATOSSOLO
650 _aPLANTIO DIRETO
773 0 _tPesquisa Agropecuária Brasileira (Brazil)
_xISSN 0100-204X
_g(Jun 2006), v. 41(6) p. 1023-1031
_wBR0604261
909 _a202311
_bLúcia
_c55
_dLúcia Elande
942 _2AGRIS
_n0
_cANA
999 _c187055
_d187055